000 01067nam a2200301 4500
003 DO-SdBPM
005 20250724101600.0
007 ta
008 170116b1996 sp| 00| 0 spa d
020 _a847884130X
040 _aDO-SdBPM
_bspa
_cBPMSU
_erda
082 4 _a745.592
_bP661c 1996
_222
100 1 _aPiñango Muñoz, Charo,
_d1960-
_eautora
_4
245 1 0 _aConstrucción de juguetes con material de desecho /
_cCharo Piñango y Sol Martín Francés.
_b
250 _a 2a. ed.
264 _aMadrid :
_bEscuela de Animación Juvenil,
_c1996
300 _a238 páginas . :
_bilustraciones ;
_c22 cm
336 _atexto
_btxt
_2rdacontent
337 _asin mediación
_bn
_2rdamedia
338 _avolumen
_bnc
_2rdacarrier
590 _aInventariado, 2025/VM
650 7 _aTrabajos manuales (Educación)
650 7 _aArte
_xEnseñanza primaria
_vTécnicas
650 7 _aArtesanías
_xElaboración
710 2 _aConsejería de Educación y Cultura.
_bDirección General de Juventud.
910 _aVMateo V. Control de calidad. BPMSU
942 _2ddc
_cBK
999 _c15260
_d15260